| 000 | 00479nam a2200181Ia 4500 | ||
|---|---|---|---|
| 001 | 16375 | ||
| 005 | 20260306170305.0 | ||
| 008 | 260306t2018||||xx |||||||||||||| ||und|| | ||
| 041 | _aESP | ||
| 082 |
_a348.55 _bB25 |
||
| 100 |
_aBarrio Andrés, Moisés _eAUT |
||
| 245 | 0 |
_aDelitos 2.0: _baspectos penales, procesales y de seguridad de los ciberdelitos |
|
| 260 | _c2018 | ||
| 300 |
_a432 páginas : _c24 cm. |
||
| 650 | _aGEN | ||
| 654 | _aCDE | ||
| 942 |
_cLIB _dJUS _fJUS _2ddc _n |
||
| 999 |
_c16375 _d16375 |
||